Lets Talk Money: You've Worked Hard for It Now Make It Work for You (Record no. 46466)

MARC details
000 -LEADER
fixed length control field 00502nam a22001697a 4500
005 - DATE AND TIME OF LATEST TRANSACTION
control field 20250812151812.0
008 - FIXED-LENGTH DATA ELEMENTS--GENERAL INFORMATION
fixed length control field 250812b |||||||| |||| 00| 0 eng d
020 ## - INTERNATIONAL STANDARD BOOK NUMBER
International Standard Book Number 9789352779390
041 ## - LANGUAGE CODE
Language code of text/sound track or separate title Eng.
082 ## - DEWEY DECIMAL CLASSIFICATION NUMBER
Classification number 332.0240 HAL
100 ## - MAIN ENTRY--PERSONAL NAME
Author Halan, Monika
245 ## - TITLE STATEMENT
Title Lets Talk Money: You've Worked Hard for It Now Make It Work for You
260 ## - PUBLICATION, DISTRIBUTION, ETC.
Place Gurugram
Publisher Happer Collin
300 ## - PHYSICAL DESCRIPTION
Extent 217;. p. 21 cm
650 ## - SUBJECT ADDED ENTRY--TOPICAL TERM
Subject Money-Psychological aspects; Personal Finance; Money Management
942 ## - ADDED ENTRY ELEMENTS (KOHA)
Koha item type Books
Holdings
Withdrawn status Lost status Source of classification or shelving scheme Damaged status Not for loan Home library Current library Shelving location Accession Date Vendor Price Bill number Total Checkouts Total Renewals Full call number Barcode No Date last seen Date last checked out Bill Date Koha item type Suggested By
    Dewey Decimal Classification     IMTN IMTN Rack 9-B 08/12/2025 Domestic Dep. SHA Store 399.00 49011010 3 1 332.0240 HAL 33936 10/14/2025 10/04/2025 08/01/2025 Books Faculty Purchase by Dr. Jasbir Singh Matharu
Designed & Maintained by: LRC IMT Nagpur Contact: lrc@imtnag.ac.in© 2024. All Rights Reserved.